00841nam a22002417a 45000010005000000030006000050050017000110080041000280200018000690400029000870820015001161000021001312450140001522600042002923000049003344900044003835050008004275210029004355210020004646500045004846500041005297000029005708708FISKH20251013122554.0251013b cb ||||| |||| 00| 0 eng d a9789995094133 aFISKHbkhrcFISKHdFISKH a398.209596 aSotheary, Kimsun aភ្នំប៉ាយ៉ង់កោរ :bBayong Kor mountain /cអ្នកស្រី គឹមស៊ុន សុធារី  aPhnom Penh :bReading Books , c2008. a44 pages : bcolor illustrations ;c25 cm .  aពិភពរឿងនិទាន​ aP 8 a650 bLexile estimate 8 aP bRaz-Plus  aភ្នំបាយ៉ង់កោរ  aBayong Kor mountain vKhmer folklore aSan, Thai eIllustrator